A Study of Development of Demand Analytics with Special reference to Jade Global software Pvt. Ltd. (Record no. 359295)

MARC details
000 -LEADER
fixed length control field 00455nam a22001457a 4500
005 - DATE AND TIME OF LATEST TRANSACTION
control field 20240807161653.0
008 - FIXED-LENGTH DATA ELEMENTS--GENERAL INFORMATION
fixed length control field 240807b |||||||| |||| 00| 0 eng d
041 ## - LANGUAGE CODE
Language code of text/sound track or separate title eng
082 ## - DEWEY DECIMAL CLASSIFICATION NUMBER
Item number ATT
100 ## - MAIN ENTRY--PERSONAL NAME
Author Attar Swaliha- 2K201011 & Dr. Suvarna Dhamdhere - Guide
245 ## - TITLE STATEMENT
Title A Study of Development of Demand Analytics with Special reference to Jade Global software Pvt. Ltd.
260 ## - PUBLICATION, DISTRIBUTION, ETC.
Place of publication, distribution, etc. Pune
Name of publisher, distributor, etc. SPPU
Date of publication, distribution, etc. March-2022
300 ## - PHYSICAL DESCRIPTION
Extent 56p
942 ## - ADDED ENTRY ELEMENTS (KOHA)
Koha item type Project Reports
Holdings
Withdrawn status Lost status Source of classification or shelving scheme Damaged status Not for loan Home library Current library Date acquired Vendor Total Checkouts Full call number Barcode Date last seen Bill Date Koha item type Original Barcode
    Dewey Decimal Classification     Smt. Hiraben Nanavati Institute of Management & Research for Women Smt. Hiraben Nanavati Institute of Management & Research for Women 30/03/2022 HNIMR   ATT HIMR-PR-752 07/08/2024 07/08/2024 Project Reports PR0752